| 000 | 00499nam a2200121Ia 4500 | ||
|---|---|---|---|
| 008 | 220620s9999||||xx |||||||||||||| ||und|| | ||
| 100 | _aZapata, Gabriela C. | ||
| 245 | 0 | _aChapter 3 Learning by Design and Second Language Teaching Practices | |
| 546 | _aEnglish[eng] | ||
| 650 | _aLearning, Practice, Research, Second, Teaching, Theory, Zapata, Language, Gabriela, Design | ||
| 856 | _uhttps://library.oapen.org/bitstream/20.500.12657/54055/1/9781003106258_10.4324_9781003106258-3.pdf | ||
| 942 | _cEB | ||
| 999 |
_c21501 _d21501 |
||